Verseny és szabályozás 2011

Gespeichert in:
Bibliographische Detailangaben
Weitere Verfasser: Valentiny, Pál, Kiss, Ferenc László, Nagy, Csongor István
Format: Buch
Sprache:Ungarisch
Veröffentlicht: Budapest MTA KRTK Közgazdaság-tudományi Intézet 2012
Schlagworte:
Tags: Tag hinzufügen
Keine Tags, Fügen Sie das erste Tag hinzu!

MARC

LEADER 00000nam$a2200000$$$4500
001 0172096
005 20240109073458.3
022 |a 1789-9702 
041 0 |a hun 
044 |a HU 
245 1 0 |a Verseny és szabályozás 2011  |c szerkesztette Valentiny Pál, Kiss Ferenc László, Nagy Csongor István 
264 1 |a Budapest  |b MTA KRTK Közgazdaság-tudományi Intézet  |c 2012 
300 |a 371 s. 
610 2 0 |a súťaž hospodárska 
610 2 0 |a regulácia 
610 2 0 |a politika finančná 
610 2 0 |a kríza finančná 
610 2 0 |a kríza hospodárska 
700 1 |a Valentiny, Pál 
700 1 |a Kiss, Ferenc László 
700 1 |a Nagy, Csongor István